Normal view
MARC view
Entry Topical Term
001 - CONTROL NUMBER
- control field: 33103
003 - CONTROL NUMBER IDENTIFIER
- control field: OSt
005 - DATE AND TIME OF LATEST TRANSACTION
- control field: 20141103100947.0
008 - FIXED-LENGTH DATA ELEMENTS
- fixed length control field: 141103|| aca||aabn | a|a d
040 ## - CATALOGING SOURCE
- Original cataloging agency: OSt
- Transcribing agency: OSt
600 ## -
- : Ethiopian languages
- : Phonology.
670 ## - SOURCE DATA FOUND
- Source citation: Work cat.: (OSt)0: Ullendorff, Edward. 33102, The Semitic languages of Ethiopia;, [1955]
